Tous les Premiers ministres du Québec - Statistiques

Statistiques générales
  • Ce quiz a été pris 28 fois
    7 depuis la dernière actualisation
  • Le résultat moyen est 30 sur 38
Statistiques - réponses
Par images Hint Réponse % Correct
2001 - 2003 Bernard Landry
100%
depuis 2026 Christine Fréchette
100%
1994 - 1994 Daniel Johnson
100%
1966 - 1968 Daniel Johnson
100%
2018 - 2026 François Legault
100%
1994 - 1996 Jacques Parizeau
100%
2003 - 2012 Jean Charest
100%
1960 - 1966 Jean Lesage
100%
1920 - 1936 Louis-Alexandre Taschereau
100%
1996 - 2001 Lucien Bouchard
100%
1944 - 1959 Maurice Duplessis
100%
1936 - 1939 Maurice Duplessis
100%
2012 - 2014 Pauline Marois
100%
2014 - 2018 Philippe Couillard
100%
1985 - 1985 Pierre Marc Johnson
100%
1976 - 1985 René Lévesque
100%
1985 - 1994 Robert Bourassa
100%
1970 - 1976 Robert Bourassa
100%
1939 - 1944 Adélard Godbout
83%
1936 - 1936 Adélard Godbout
83%
1959 - 1960 Paul Sauvé
83%
1960 - 1960 Antonio Barette
67%
1891 - 1892 Charles-Eugène de Boucher de Boucherville
67%
1874 - 1878 Charles-Eugène de Boucher de Boucherville
67%
1896 - 1897 Edmund James Flynn
67%
1873 - 1874 Gédéon Ouimet
67%
1887 - 1891 Honoré Mercier
67%
1905 - 1920 Lomer Gouin
67%
1892 - 1896 Louis-Olivier Taillon
67%
1887 - 1887 Louis-Olivier Taillon
67%
1867 - 1873 Pierre-Joseph-Olivier Chauveau
67%
1878 - 1879 Henri-Gustave Joly de Lotbinière
50%
1968 - 1970 Jean-Jacques Bertrand
50%
1879 - 1882 Joseph-Adolphe Chapleau
50%
1882 - 1884 Joseph-Alfred Mousseau
50%
1900 - 1905 Simon-Napoléon Parent
50%
1897 - 1900 Félix-Gabriel Marchand
33%
1884 - 1887 John Jones Ross
33%
Aucun quiz correspondant
Distribution des résultats
% des personnes avec chaque résultat
Percentile par nombre de réponses
Votre historique - résultats
Vous n’avez pas pris ce quiz depuis la dernière actualisation